000 00758nam a22002177a 4500
005 2010080203043.0
010 _aENG-97698
020 _a9788190790833
_c120.00
035 _aEN-81231
037 _bDBAD/PUB
082 _a537.5352
100 _aThangamani, N.
_94365
245 _aText book for spectra /
_cby N. Thangamani
260 _aNamakkal
_bJaya Pathippagam
_c2008
270 _aSellam Kudil/ Maruthu Patti (P.O)
_bNamakkal
_e637019
300 _a136p.
_bill.
_c21cm (pbk)
650 _aVibrational spectra
_94366
650 _aSpectroscopy
_94367
942 _2ddc
_cEN
_h537.5352
_mTHA
999 _c38714
_d38714